000 00679nam a2200265Ia 4500
005 20260302115042.0
008 008 260114s9999 xx 000 0 eng d
020 _a9781780936345
037 _aTextbook
040 _aCRL
040 _beng
040 _cCRL
041 _2eng
041 _aeng
084 _qCRL
100 _aGabriel Egan
_9999528
245 0 _aShakespeare and Ecocritical Theory
260 _bBloomsbury
260 _bThe Arden Shakespeare
260 _c2015
650 _aLiterary Studies
856 _uhttps://dx.doi.org/10.5040/9781780936345?locatt=label:secondary_bloomsburyCollections
942 _cEBOOK
999 _c1684779
_d1684779